000 00605nam a2200253Ia 4500
005 20260121154833.0
008 008 260114s9999 xx 000 0 eng d
020 _a9780429290671
037 _aEBOOK
040 _aCRL
040 _beng
040 _cCRL
041 _2eng
041 _aeng
084 _qCRL
100 _a Kevin Lee Allen
_91012110
245 0 _aVectorworks for Entertainment Design
260 _bTaylor and Francis
260 _c2021
856 _uhttp://www.taylorfrancis.com/books/9780429290671
942 _cEBOOK
999 _c1578929
_d1578929